NATO Members - Sudden Death (3 lives) - Statistics

General Stats
  • This quiz has been taken 34 times
  • The average score is 28 of 32
Answers on the Grid
Answers color-coded by a green-red scale on the quiz's grid according to % correct below.
Albania
Andorra
Belarus
Belgium
Bulgaria
Canada
Croatia
Czech Republic
Denmark
Estonia
Finland
France
Germany
Greece
Hungary
Iceland
Israel
Italy
Latvia
Liechtenstein
Lithuania
Luxembourg
Mexico
Moldova
Monaco
Montenegro
Netherlands
North Macedonia
Norway
Poland
Portugal
Romania
Russia
San Marino
Serbia
Slovakia
Slovenia
Spain
Sweden
Switzerland
Taiwan
Turkey
Ukraine
United Kingdom
United States
 
Answer Stats
Answer % Correct
Italy
100%
Belgium
97%
France
97%
Denmark
93%
Germany
93%
Hungary
93%
Netherlands
93%
Czech Republic
90%
Latvia
90%
Norway
90%
Poland
90%
Spain
90%
Canada
87%
Estonia
87%
Portugal
87%
Slovenia
87%
United Kingdom
87%
United States
87%
Albania
83%
Bulgaria
83%
Croatia
83%
Finland
83%
Greece
83%
Lithuania
83%
Slovakia
83%
Iceland
80%
Luxembourg
80%
Sweden
80%
Turkey
80%
Montenegro
77%
Romania
77%
North Macedonia
57%
No matching quizzes found
Score Distribution
Percent of People with Each Score
Percentile by Number Answered
Your Score History
You have not taken this quiz